| 000 | 00421nam a2200157 4500 | ||
|---|---|---|---|
| 001 | 122695 | ||
| 003 | ES-MaACL | ||
| 005 | 20230906192027.0 | ||
| 007 | t| | ||
| 008 | 070214n19001980fr r ||||1| fre d | ||
| 245 | 0 | 0 |
_aProblèmes de Mécanique / _cpar F. J. |
| 260 |
_aTours [etc.] : _bAlfred Mame et fils, _c[19__?] |
||
| 300 |
_aXI, 574 p. : _bil. ; _c18 cm. |
||
| 700 | 1 |
_aF. J. _948486 |
|
| 852 |
_aES-MaACL _jF-3529 |
||
| 999 |
_c122695 _d122695 |
||